[Event "CAN-ch U14"]
[Site "Ottawa"]
[Date "2007.07.06"]
[Round "7"]
[White "Izquierdo, Felipe"]
[Black "Shaikh, Zeeshan"]
[Result "0-1"]
[WhiteElo "1375"]
[BlackElo "1337"]
[PlyCount "61"]
[EventDate "2007.07.03"]
[EventType "swiss"]
[EventRounds "7"]
[EventCountry "CAN"]
[SourceTitle "EXT 2022"]
[Source "ChessBase"]
[SourceDate "2021.10.06"]
[SourceVersion "1"]
[SourceVersionDate "2021.10.06"]
[SourceQuality "1"]

1. e4 e5 2. Nf3 Nc6 3. Bb5 a6 4. Ba4 b5 5. Bb3 Nf6 6. Nc3 Bb4 7. 0-0 Bb7 8. Re1 0-0 9. a3 Bc5 10. Nd5 Ng4 11. c3 Bxf2+ 12. Kf1 Bxe1 13. Nxe1 Nxh2+ 14. Kg1 Qh4 15. Nf3 Nxf3+ 16. Qxf3 Na5 17. Ba2 Rfe8 18. d3 c6 19. Ne3 Qe1+ 20. Kh2 Kh8 21. Nf5 c5 22. Nh6 Qh4+ 23. Kg1 gxh6 24. g3 Rg8 25. Kf2 Qh2+ 26. Kf1 Rxg3 27. Qf6+ Kg8 28. Be3 Rxe3 29. Re1 Qh3+ 30. Kf2 Qg3+ 31. Kf1 0-1

[Event "CAN-ch U14"]
[Site "Ottawa"]
[Date "2007.07.05"]
[Round "6"]
[White "Labrador, Jhoyner"]
[Black "Izquierdo, Felipe"]
[Result "1-0"]
[WhiteElo "1533"]
[BlackElo "1375"]
[PlyCount "33"]
[EventDate "2007.07.03"]
[EventType "swiss"]
[EventRounds "7"]
[EventCountry "CAN"]
[SourceTitle "EXT 2022"]
[Source "ChessBase"]
[SourceDate "2021.10.06"]
[SourceVersion "1"]
[SourceVersionDate "2021.10.06"]
[SourceQuality "1"]

1. e4 e5 2. Nf3 Nc6 3. Bb5 Nf6 4. 0-0 a6 5. Ba4 d5 6. Nxe5 Bd7 7. Nxd7 Qxd7 8. exd5 Nxd5 9. Re1+ Be7 10. Nc3 Nf6 11. d4 Qxd4 12. Bxc6+ bxc6 13. Qxd4 Rd8 14. Qe5 Rd7 15. Bg5 Ng4 16. Qe4 f5 17. Qxc6 1-0